| 000 | 01033nam a2200205Ia 4500 | ||
|---|---|---|---|
| 999 |
_c9676 _d9676 |
||
| 005 | 20231009112152.0 | ||
| 008 | 231006s9999 xx 000 0 und d | ||
| 020 | _a978-84-15560-71-5 | ||
| 040 |
_aUPAN _cBiblioteca San Vicente _eRCAA96 |
||
| 041 | _aspa | ||
| 082 |
_a659.4 _b R311s _c2020 |
||
| 100 |
_aRecolons, Guillem _4aut. |
||
| 245 | 0 |
_aSi no aportas no importas: _bClaves para identificar y proyectar tu diferencia y valor/ _cGuillem Recolons |
|
| 260 |
_aEspaña: _bRasche, _c2020 |
||
| 300 |
_a318 p.; _c28 cm. |
||
| 505 | _aCapitulo 1: Relato breve: sin tocar el violín Capitulo 2: El marco se ha vuelto loco Capitulo 3: Autodiagnóstico de marca personal Capitulo 4: La magia de la estrategia personal Capitulo 5: Comunicación personal I Capitulo 6: Comunicación personal II Capitulo 7: Utilizar el personal Branging para conseguir objetivos Anexo I: Diccionario de la marca personal y el personal Branding | ||
| 650 |
_2LEMB _xRelaciones públicas |
||
| 650 |
_2LEMB _xMercadotecnia |
||
| 942 |
_cBK _2ddc |
||